Dr. S. R. Lasker Library Online Catalogue

Home      Library Home      Institutional Repository      E-Resources      MyAthens      EWU Home

New perspectives on the European Bildungsroman / (Record no. 6902)

MARC details
000 -LEADER
fixed length control field 02067cam a22003734a 4500
001 - CONTROL NUMBER
control field 6902
003 - CONTROL NUMBER IDENTIFIER
control field BD-DhEWU
005 - DATE AND TIME OF LATEST TRANSACTION
control field 20190115094315.0
008 - FIXED-LENGTH DATA ELEMENTS--GENERAL INFORMATION
fixed length control field 100112s2010 enk g b 001 0 eng d
020 ## - INTERNATIONAL STANDARD BOOK NUMBER
International Standard Book Number 9780826434302 (hardcover)
International Standard Book Number 0826434304
035 ## - SYSTEM CONTROL NUMBER
System control number (OCoLC)690922152
040 ## - CATALOGING SOURCE
Original cataloging agency DLC
Transcribing agency DLC
Modifying agency DLC
-- BD-DhEWU
Language of cataloging eng
041 ## - LANGUAGE CODE
Language code of text/sound track or separate title eng
050 00 - LIBRARY OF CONGRESS CALL NUMBER
Classification number PN3448.B54
Item number S86 2010
082 00 - DEWEY DECIMAL CLASSIFICATION NUMBER
Classification number 809.39353
Item number SUN 2010
100 1# - MAIN ENTRY--PERSONAL NAME
Personal name Summerfield, Giovanna.
9 (RLIN) 430
245 10 - TITLE STATEMENT
Title New perspectives on the European Bildungsroman /
Statement of responsibility, etc Giovanna Summerfield and Lisa Downward.
260 ## - PUBLICATION, DISTRIBUTION, ETC. (IMPRINT)
Place of publication, distribution, etc London ;
-- New York :
Name of publisher, distributor, etc Continuum,
Date of publication, distribution, etc c2010.
300 ## - PHYSICAL DESCRIPTION
Extent 200 p. ;
Dimensions 25 cm.
504 ## - BIBLIOGRAPHY, ETC. NOTE
Bibliography, etc Includes bibliographical references and index.
505 0# - FORMATTED CONTENTS NOTE
Title TOC
Formatted contents note Mastery and apprenticeship(s): departing from Goethe's Turm -- British master: Defoe, Dickens and Kipling -- French fellow craft: Voltaire, Prévost, Stendhal -- Italian apprentice: Foscolo, Collodi -- From bildungsroman to bildungsreise -- The dissolution of gendered plots: Wilhelm Meister and the beautiful soul -- Female developments in the nineteenth century: Neera's Teresa, Lydia and L'Indomani, George Eliot's Middlemarch, Charlotte Brontë's Jane Eyre -- Female developments in the twentieth century: Sibilla Aleramo's Una donna, Susanna Tamaro's Va dove ti porta il cuore, Virginia Woolf's To the lighthouse -- The bildungsroman as spectrum.
520 ## - SUMMARY, ETC.
Summary, etc Summary:<br/>Presents new critical approaches to the Bildungsroman by analyzing spiritual, feminist, historicist and modernist perspectives. >
526 ## - STUDY PROGRAM INFORMATION NOTE
Program name English
590 ## - LOCAL NOTE (RLIN)
Local note Tahur Ahmed
650 #0 - SUBJECT ADDED ENTRY--TOPICAL TERM
Topical term or geographic name as entry element Bildungsromans
General subdivision History and criticism.
9 (RLIN) 431
Topical term or geographic name as entry element European literature
General subdivision History and criticism.
9 (RLIN) 12398
Topical term or geographic name as entry element European literature
General subdivision Women authors
-- History and criticism.
9 (RLIN) 433
700 1# - ADDED ENTRY--PERSONAL NAME
Personal name Downward, Lisa.
9 (RLIN) 429
856 42 - ELECTRONIC LOCATION AND ACCESS
Materials specified WorldCat details
Uniform Resource Identifier http://www.worldcat.org/title/perspectives-on-the-european-bildungsroman/oclc/690922152&referer=brief_results
942 ## - ADDED ENTRY ELEMENTS (KOHA)
Source of classification or shelving scheme Dewey Decimal Classification
Koha item type Text
Holdings
Withdrawn status Lost status Source of classification or shelving scheme Damaged status Not for loan Collection code Home library Current library Shelving location Date acquired Source of acquisition Cost, normal purchase price Total Checkouts Full call number Barcode Date last seen Copy number Price effective from Koha item type
    Dewey Decimal Classification   Not For Loan Non-fiction Dr. S. R. Lasker Library, EWU Dr. S. R. Lasker Library, EWU Reserve Section 27/12/2011 Friends Book Corner 7382.00   809.39353 SUN 2010 24226 27/12/2011 C-1 27/12/2011 Text
    Dewey Decimal Classification     Non-fiction Dr. S. R. Lasker Library, EWU Dr. S. R. Lasker Library, EWU Circulation Section 27/12/2011 Friends Book Corner 7382.00   809.39353 SUN 2010 24227 27/12/2011 C-2 27/12/2011 Text